[Event "Famalicao op 11th"]
[Site "Vila Nova de Famalicao"]
[Date "2024.07.27"]
[Round "8"]
[White "Galvan Cipriani, Viviana"]
[Black "Ribeiro, Fernando"]
[Result "1-0"]
[WhiteElo "2081"]
[BlackElo "2158"]
[PlyCount "93"]
[EventDate "2024.07.22"]
[EventType "swiss"]
[EventRounds "9"]
[EventCountry "POR"]
[SourceTitle "CBM 221 Extra"]
[Source "ChessBase"]
[SourceDate "2024.09.30"]
[SourceVersion "1"]
[SourceVersionDate "2024.09.30"]
[SourceQuality "1"]

1. c4 e5 2. Nc3 Bb4 3. Nd5 Na6 4. Nxb4 Nxb4 5. g3 Nf6 6. Bg2 0-0 7. d3 Re8 8. e3 a5 9. Ne2 d6 10. a3 Nc6 11. 0-0 Be6 12. b3 Qd7 13. Bb2 Bh3 14. e4 Bg4 15. f3 Bh3 16. Qd2 Bxg2 17. Kxg2 Qe7 18. f4 Nd7 19. f5 f6 20. g4 Nc5 21. Qc2 a4 22. b4 Nb3 23. Rae1 Nbd4 24. Bxd4 Nxd4 25. Nxd4 exd4 26. Qf2 Qe5 27. h4 c6 28. Rg1 b5 29. Rc1 bxc4 30. Rxc4 c5 31. Rgc1 Rec8 32. Kf3 Rab8 33. Qc2 d5 34. Rxc5 Rxc5 35. Qxc5 dxe4+ 36. dxe4 Qh2 37. Qc7 Qh3+ 38. Qg3 Qxg3+ 39. Kxg3 Rd8 40. Kf3 h5 41. gxh5 Kh7 42. Ke2 Kh6 43. Kd3 Kxh5 44. Rc7 g5 45. fxg6 Kxg6 46. Rc5 Rd7 47. Ra5 1-0

[Event "Famalicao op 11th"]
[Site "Vila Nova de Famalicao"]
[Date "2024.07.26"]
[Round "7"]
[White "Ribeiro, Fernando"]
[Black "Redondo Arguelles, Graciela"]
[Result "1-0"]
[WhiteElo "2158"]
[BlackElo "1996"]
[PlyCount "119"]
[EventDate "2024.07.22"]
[EventType "swiss"]
[EventRounds "9"]
[EventCountry "POR"]
[SourceTitle "CBM 221 Extra"]
[Source "ChessBase"]
[SourceDate "2024.09.30"]
[SourceVersion "1"]
[SourceVersionDate "2024.09.30"]
[SourceQuality "1"]

1. e4 e6 2. d3 d5 3. Nd2 Nf6 4. Ngf3 dxe4 5. dxe4 Bc5 6. Be2 Nc6 7. 0-0 0-0 8. c3 a5 9. a4 e5 10. Qc2 Qe7 11. Nc4 Bg4 12. Ne3 Be6 13. Ng5 Rad8 14. Nxe6 fxe6 15. Nc4 Rf7 16. Be3 Nd7 17. Rad1 Bxe3 18. Nxe3 Rdf8 19. Bc4 Kh8 20. Rd2 Nc5 21. Bb5 Qg5 22. Re1 Ne7 23. b4 Na6 24. Bxa6 bxa6 25. b5 axb5 26. axb5 Ng6 27. Kh1 Nh4 28. f3 Qf4 29. Rf2 Qg5 30. c4 Rd7 31. c5 Qd8 32. Ng4 Ng6 33. g3 h5 34. Ne3 Qb8 35. Qa4 Qa7 36. b6 cxb6 37. cxb6 Qb7 38. Qxa5 Rd6 39. Nc4 Rc6 40. Nxe5 Nxe5 41. Qxe5 Qxb6 42. Qxh5+ Kg8 43. Kg2 Rc3 44. Qe5 Rfc8 45. Ree2 Rc1 46. Rb2 Qa6 47. Rb8 Rxb8 48. Qxb8+ Kh7 49. Qf4 Qa1 50. Qh4+ Kg6 51. Qg4+ Kf6 52. Qf4+ Kg6 53. Qg4+ Kf6 54. f4 g6 55. Qg5+ Kf7 56. f5 exf5 57. exf5 Rg1+ 58. Kh3 Qh8+ 59. Qh4 Qc8 60. Qh7+ 1-0

[Event "Famalicao op 11th"]
[Site "Vila Nova de Famalicao"]
[Date "2024.07.26"]
[Round "6"]
[White "Ribeiro, Rodrigo"]
[Black "Ribeiro, Fernando"]
[Result "1/2-1/2"]
[WhiteElo "2196"]
[BlackElo "2158"]
[PlyCount "89"]
[EventDate "2024.07.22"]
[EventType "swiss"]
[EventRounds "9"]
[EventCountry "POR"]
[SourceTitle "CBM 221 Extra"]
[Source "ChessBase"]
[SourceDate "2024.09.30"]
[SourceVersion "1"]
[SourceVersionDate "2024.09.30"]
[SourceQuality "1"]

1. d4 Nf6 2. c4 g6 3. Nc3 Bg7 4. e4 d6 5. Bd3 Nc6 6. Nge2 e5 7. d5 Nd4 8. 0-0 c5 9. dxc6 bxc6 10. Qa4 0-0 11. Nxd4 exd4 12. Ne2 c5 13. Qc6 Rb8 14. Bf4 Rb6 15. Qa4 Qc7 16. Rfb1 Ng4 17. Qc2 Qe7 18. a3 Be5 19. h3 Bxf4 20. Nxf4 Ne5 21. Nd5 Qh4 22. f4 Nxd3 23. Nxb6 axb6 24. Qxd3 Qxf4 25. Rf1 Qe5 26. Rae1 Bb7 27. Re2 Re8 28. Rfe1 Kg7 29. a4 h5 30. Qd2 Bc6 31. a5 bxa5 32. Qxa5 d3 33. Re3 Qd4 34. Qc3 d2 35. Rd1 Rxe4 36. Kf2 Rxe3 37. Qxe3 Qxb2 38. Rxd2 Qf6+ 39. Kg1 Kf8 40. Qa3 Qe5 41. Qd3 Qe1+ 42. Kh2 Qe5+ 43. Kg1 Qe1+ 44. Kh2 Qe5+ 45. Kg1 1/2-1/2

[Event "Famalicao op 11th"]
[Site "Vila Nova de Famalicao"]
[Date "2024.07.24"]
[Round "4"]
[White "Campora, Daniel Hugo"]
[Black "Ribeiro, Fernando"]
[Result "1-0"]
[WhiteElo "2351"]
[BlackElo "2158"]
[PlyCount "82"]
[EventDate "2024.07.22"]
[EventType "swiss"]
[EventRounds "9"]
[EventCountry "POR"]
[SourceTitle "CBM 221 Extra"]
[Source "ChessBase"]
[SourceDate "2024.09.30"]
[SourceVersion "1"]
[SourceVersionDate "2024.09.30"]
[SourceQuality "1"]

1. e4 c5 2. Nf3 a6 3. c3 Nf6 4. e5 Nd5 5. d4 cxd4 6. Qxd4 e6 7. Bc4 Nc6 8. Qe4 f5 9. Qe2 Nc7 10. 0-0 b5 11. Bb3 Na5 12. Bc2 Bb7 13. Nbd2 Be7 14. Nb3 Nxb3 15. axb3 0-0 16. b4 Nd5 17. Nd4 g5 18. Rd1 Qe8 19. f3 Kh8 20. Be3 Rg8 21. Rd2 Qh5 22. Nxf5 exf5 23. Bxf5 Raf8 24. Bxd7 Nxe3 25. Qxe3 Rf4 26. Rad1 Rxf3 27. gxf3 Bxf3 28. Rf1 g4 29. Rg2 Bg5 30. Qd4 Qh6 31. e6+ Bf6 32. Qd3 Bd8 33. Rxf3 gxf3 34. Rxg8+ Kxg8 35. Qxf3 Qc1+ 36. Kg2 Qg5+ 37. Qg3 Kf8 38. Qxg5 Bxg5 39. Kf3 Bc1 40. Ke2 Bxb2 41. Kd2 Ba3 1-0

[Event "Portuguese Masters"]
[Site "Aveiro"]
[Date "2023.12.20"]
[Round "6"]
[White "Ribeiro, Gustavo"]
[Black "Ribeiro, Fernando"]
[Result "1/2-1/2"]
[WhiteElo "2187"]
[BlackElo "2186"]
[PlyCount "88"]
[EventDate "2023.12.16"]
[EventType "tourn"]
[EventRounds "9"]
[EventCountry "POR"]
[SourceTitle "CBM 217 Extra"]
[Source "ChessBase"]
[SourceDate "2024.01.31"]
[SourceVersion "1"]
[SourceVersionDate "2024.01.31"]
[SourceQuality "1"]

1. e4 c5 2. Nf3 e6 3. d4 cxd4 4. Nxd4 Nc6 5. Nc3 Qc7 6. Ncb5 Qe5 7. Be3 a6 8. Nxc6 bxc6 9. Qd4 Qb8 10. Na3 e5 11. Qb6 Qxb6 12. Bxb6 Bb4+ 13. c3 Bxa3 14. bxa3 Nf6 15. Bd3 d5 16. exd5 cxd5 17. 0-0 0-0 18. Rfe1 Re8 19. Rab1 Rb8 20. Bc7 Rxb1 21. Rxb1 Nd7 22. f3 e4 23. Be2 f5 24. f4 Re6 25. Rd1 Rc6 26. Ba5 Nf6 27. Kf2 Kf7 28. Ke3 Ke6 29. Kd4 Ne8 30. c4 dxc4 31. Bxc4+ Kf6 32. Bd5 Rd6 33. Kc5 Be6 34. Bb3 Bxb3 35. Rxd6+ Nxd6 36. Kxd6 Bc4 37. Kc5 Bf1 38. g3 Kg6 39. Kd4 Kh5 40. Ke3 h6 41. h4 Kg4 42. Be1 Bc4 43. Kf2 Bxa2 44. Bd2 e3+ 1/2-1/2

[Event "Portuguese Masters"]
[Site "Aveiro"]
[Date "2023.12.17"]
[Round "3"]
[White "Ribeiro, Fernando"]
[Black "Fidalgo, Andre Neves"]
[Result "1/2-1/2"]
[WhiteElo "2186"]
[BlackElo "2245"]
[PlyCount "141"]
[EventDate "2023.12.16"]
[EventType "tourn"]
[EventRounds "9"]
[EventCountry "POR"]
[SourceTitle "CBM 217 Extra"]
[Source "ChessBase"]
[SourceDate "2024.01.31"]
[SourceVersion "1"]
[SourceVersionDate "2024.01.31"]
[SourceQuality "1"]

1. e4 e5 2. Nf3 Nc6 3. Bb5 a6 4. Bxc6 dxc6 5. 0-0 Qf6 6. d4 exd4 7. Qxd4 Qxd4 8. Nxd4 Bd7 9. Nc3 0-0-0 10. Be3 Ne7 11. Rad1 Ng6 12. Bg5 Re8 13. Rfe1 h5 14. a3 h4 15. h3 Rh5 16. Bc1 Bd6 17. Re2 Nf4 18. Bxf4 Bxf4 19. Nf3 g5 20. Nh2 Be5 21. Ng4 Bxg4 22. hxg4 Rh6 23. Rd3 Rf6 24. Nd1 Rf4 25. f3 Rf6 26. b3 Rd6 27. Nf2 Bg3 28. Red2 Red8 29. Kf1 Kd7 30. e5 Rxd3 31. Nxd3 Ke7 32. Re2 Rd4 33. Re3 a5 34. Ke2 b6 35. c3 Rd5 36. Re4 c5 37. a4 Ke6 38. Ke3 Rd8 39. Ke2 Rh8 40. f4 gxf4 41. Nxf4+ Bxf4 42. Rxf4 h3 43. gxh3 Rxh3 44. b4 Rxc3 45. bxa5 bxa5 46. Kd2 Rg3 47. Rf6+ Kxe5 48. Rxf7 Rxg4 49. Rxc7 Kd5 50. Kc3 Rxa4 51. Rd7+ Kc6 52. Ra7 Kb6 53. Ra8 Rb4 54. Rb8+ Kc7 55. Ra8 a4 56. Ra6 Rg4 57. Rh6 Kb7 58. Kb2 Rg3 59. Ka2 Rb3 60. Rg6 Rb6 61. Rg4 Rb4 62. Rg6 Rb6 63. Rg4 Rb4 64. Rg6 Rd4 65. Ka3 Kc7 66. Ra6 Rd1 67. Rxa4 Ra1+ 68. Kb3 Rxa4 69. Kxa4 c4 70. Kb4 c3 71. Kxc3 1/2-1/2

[Event "Portuguese Masters"]
[Site "Aveiro"]
[Date "2023.12.16"]
[Round "1"]
[White "Ferreira, Luis Pedro Oliveira"]
[Black "Ribeiro, Fernando"]
[Result "1/2-1/2"]
[WhiteElo "2193"]
[BlackElo "2186"]
[PlyCount "121"]
[EventDate "2023.12.16"]
[EventType "tourn"]
[EventRounds "9"]
[EventCountry "POR"]
[SourceTitle "CBM 217 Extra"]
[Source "ChessBase"]
[SourceDate "2024.01.31"]
[SourceVersion "1"]
[SourceVersionDate "2024.01.31"]
[SourceQuality "1"]

1. e4 c5 2. Nc3 Nc6 3. g3 Rb8 4. Bg2 b5 5. d3 b4 6. Nd5 d6 7. Nf3 e6 8. Ne3 Be7 9. 0-0 Nf6 10. Re1 0-0 11. Nc4 e5 12. Nh4 Bg4 13. f3 Be6 14. Nf5 Ne8 15. Nxe7+ Qxe7 16. f4 f6 17. Ne3 Nc7 18. f5 Bf7 19. g4 Qd7 20. h4 d5 21. g5 dxe4 22. Bxe4 fxg5 23. hxg5 Nd5 24. g6 hxg6 25. fxg6 Nf4 26. gxf7+ Rxf7 27. Qg4 Qxg4+ 28. Nxg4 Nd4 29. Bxf4 Rxf4 30. Ne3 Rbf8 31. Rf1 g5 32. Kg2 Kg7 33. Rae1 Rh8 34. Nf5+ Kf6 35. Nxd4 cxd4 36. Rxf4+ exf4 37. Rh1 Rxh1 38. Kxh1 g4 39. Kg2 Kg5 40. a3 a5 41. axb4 axb4 42. Bc6 Kh4 43. Bd7 Kg5 44. Kf2 Kh4 45. Be6 Kg5 46. Ke2 f3+ 47. Kf1 Kf4 48. b3 g3 49. Kg1 Ke3 50. Bg4 Ke2 51. Bh5 Kd2 52. Bxf3 Kxc2 53. Kg2 Kxb3 54. Kxg3 Kc2 55. Kf4 Kxd3 56. Bd5 Kc3 57. Be4 b3 58. Kf3 Kd2 59. Bb1 b2 60. Ke4 Kc3 61. Bd3 1/2-1/2

[Event "Leca da Palmeira op 2nd"]
[Site "Leca da Palmeira"]
[Date "2023.08.06"]
[Round "9"]
[White "Ribeiro, Fernando"]
[Black "Khamrakulov, Ibragim S"]
[Result "1/2-1/2"]
[WhiteElo "2119"]
[BlackElo "2413"]
[PlyCount "28"]
[EventDate "2023.07.31"]
[EventType "swiss"]
[EventRounds "9"]
[EventCountry "POR"]
[SourceTitle "CBM 215 Extra"]
[Source "ChessBase"]
[SourceDate "2023.09.30"]
[SourceVersion "1"]
[SourceVersionDate "2023.09.30"]
[SourceQuality "1"]

1. e4 c5 2. Nf3 e6 3. g3 Nc6 4. Bg2 Nge7 5. 0-0 g6 6. d4 cxd4 7. Nxd4 a6 8. Nxc6 Nxc6 9. Nc3 Bg7 10. Qd6 Be5 11. Qd3 g5 12. f4 gxf4 13. gxf4 Bd4+ 14. Kh1 d6 1/2-1/2

[Event "Leca da Palmeira op 2nd"]
[Site "Leca da Palmeira"]
[Date "2023.08.05"]
[Round "8"]
[White "Sousa, Andre Ventura"]
[Black "Ribeiro, Fernando"]
[Result "1-0"]
[WhiteElo "2455"]
[BlackElo "2119"]
[PlyCount "99"]
[EventDate "2023.07.31"]
[EventType "swiss"]
[EventRounds "9"]
[EventCountry "POR"]
[SourceTitle "CBM 215 Extra"]
[Source "ChessBase"]
[SourceDate "2023.09.30"]
[SourceVersion "1"]
[SourceVersionDate "2023.09.30"]
[SourceQuality "1"]

1. d4 Nf6 2. c4 b6 3. Nc3 Bb7 4. d5 e5 5. Nf3 d6 6. e4 Be7 7. Be2 0-0 8. 0-0 Bc8 9. Ne1 c5 10. Nd3 a6 11. a4 a5 12. f4 exf4 13. Bxf4 Ne8 14. Bg4 Na6 15. Bxc8 Rxc8 16. Nb5 Nb4 17. Na7 Ra8 18. Nxb4 axb4 19. Nc6 Qd7 20. b3 Bf6 21. Ra2 Bc3 22. e5 dxe5 23. Nxe5 Bxe5 24. Bxe5 Nd6 25. Re2 Rae8 26. Rfe1 Nb7 27. Qd2 f6 28. Bg3 Na5 29. d6 Rxe2 30. Rxe2 Nc6 31. Qd5+ Kh8 32. h3 h6 33. Kh2 Rd8 34. Kh1 Kh7 35. Re6 Kh8 36. Bh2 Kh7 37. Bf4 Kh8 38. Re2 Kh7 39. a5 bxa5 40. Qxc5 Ne5 41. Qxa5 Qxd6 42. Rd2 Qxd2 43. Bxd2 Rxd2 44. Qxb4 Rd1+ 45. Kh2 h5 46. Qc3 g5 47. Qc2+ Rd3 48. c5 g4 49. c6 g3+ 50. Kg1 1-0

[Event "Famalicao op 10th"]
[Site "Vila Nova de Famalicao"]
[Date "2023.07.24"]
[Round "1"]
[White "Sampaio, Carlos Daniel Lemos"]
[Black "Ribeiro, Fernando"]
[Result "0-1"]
[WhiteElo "1218"]
[BlackElo "2119"]
[PlyCount "30"]
[EventDate "2023.07.24"]
[EventType "swiss"]
[EventRounds "9"]
[EventCountry "POR"]
[SourceTitle "EXT 2024"]
[Source "ChessBase"]
[SourceDate "2023.10.10"]
[SourceVersion "1"]
[SourceVersionDate "2023.10.10"]
[SourceQuality "1"]

1. d4 d6 2. Nf3 Nf6 3. Bf4 g6 4. e3 Bg7 5. Bd3 0-0 6. 0-0 Nbd7 7. c4 Re8 8. e4 e5 9. dxe5 dxe5 10. Bg5 Nc5 11. Bxf6 Qxf6 12. b4 Ne6 13. Qc1 Nf4 14. Bc2 Ne2+ 15. Kh1 Nxc1 0-1

[Event "Famalicao op 8th"]
[Site "Vila Nova de Famalicao"]
[Date "2021.07.28"]
[Round "5"]
[White "Campora, Daniel Hugo"]
[Black "Ribeiro, Fernando"]
[Result "1-0"]
[WhiteElo "2420"]
[BlackElo "2126"]
[PlyCount "51"]
[EventDate "2021.07.26"]
[EventType "swiss"]
[EventRounds "9"]
[EventCountry "POR"]
[SourceTitle "CBM 203 Extra"]
[Source "ChessBase"]
[SourceDate "2021.09.30"]
[SourceVersion "1"]
[SourceVersionDate "2021.09.30"]
[SourceQuality "1"]

1. e4 a6 2. d4 b5 3. a4 Bb7 4. Nd2 b4 5. Ngf3 e6 6. Bd3 c5 7. c3 d5 8. exd5 Qxd5 9. Be4 Qd7 10. Ne5 Qc7 11. Qf3 Ra7 12. Bxb7 Qxb7 13. dxc5 Qxf3 14. gxf3 bxc3 15. bxc3 Bxc5 16. Ne4 Be7 17. Rb1 Ra8 18. Rb7 Nh6 19. Bxh6 gxh6 20. Rg1 a5 21. Rg7 Rf8 22. Rxh7 h5 23. Ng6 fxg6 24. Rhxe7+ Kd8 25. Nc5 Rf6 26. Rbc7 1-0

[Event "POR-chT"]
[Site "Maia"]
[Date "2018.07.18"]
[Round "4.2"]
[White "Romano, Luis Miguel Pereira"]
[Black "Ribeiro, Fernando"]
[Result "1-0"]
[WhiteElo "2083"]
[BlackElo "2165"]
[PlyCount "77"]
[EventDate "2018.07.16"]
[EventType "team-tourn"]
[EventRounds "9"]
[EventCountry "POR"]
[SourceTitle "CBM 185 Extra"]
[Source "ChessBase"]
[SourceDate "2018.07.29"]
[SourceVersion "1"]
[SourceVersionDate "2018.07.29"]
[SourceQuality "1"]
[WhiteTeam "CX A2D"]
[BlackTeam "Assembleia Figueirense"]
[WhiteTeamCountry "POR"]
[BlackTeamCountry "POR"]

1. e4 c5 2. Nf3 d6 3. d4 cxd4 4. Nxd4 Nf6 5. Nc3 a6 6. Bg5 e6 7. f4 h6 8. Bh4 Qb6 9. a3 Be7 10. Bf2 Qc7 11. Qf3 Nc6 12. 0-0-0 Bd7 13. Nb3 Na5 14. Nxa5 Qxa5 15. f5 Rc8 16. Be1 Qc5 17. Bd3 exf5 18. exf5 Bc6 19. Qg3 0-0 20. Bd2 Kh8 21. Rhe1 Rfe8 22. Qh3 Bf8 23. Be3 Qa5 24. Bd4 Rxe1 25. Rxe1 Qd8 26. g4 Kg8 27. Qg3 Nh7 28. f6 Nxf6 29. h4 Nh7 30. Qf2 Be7 31. Bxh7+ Kxh7 32. Rxe7 Qxe7 33. Qf5+ g6 34. Qxc8 f6 35. b3 Qe1+ 36. Kb2 Qxh4 37. Qc7+ Kg8 38. Qxd6 Kf7 39. Nd5 1-0

[Event "Mondariz Balneario IM"]
[Site "Mondariz"]
[Date "2016.12.19"]
[Round "4"]
[White "Ribeiro, Fernando"]
[Black "Gomez Dominguez, Xabier"]
[Result "1/2-1/2"]
[WhiteElo "2243"]
[BlackElo "2166"]
[PlyCount "98"]
[EventDate "2016.12.17"]
[EventType "tourn"]
[EventRounds "9"]
[EventCountry "ESP"]
[EventCategory "3"]
[SourceTitle "CBM 176 Extra"]
[Source "ChessBase"]
[SourceDate "2017.03.02"]
[SourceVersion "1"]
[SourceVersionDate "2017.03.02"]
[SourceQuality "1"]

1. e4 c5 2. Nf3 g6 3. Bc4 Nc6 4. 0-0 Bg7 5. Nc3 d6 6. Re1 e6 7. d3 Nge7 8. Bf4 a6 9. Qd2 Na5 10. Bh6 0-0 11. a3 b5 12. Ba2 b4 13. axb4 cxb4 14. Ne2 Rb8 15. Ned4 Qb6 16. Bxg7 Kxg7 17. Qg5 Nac6 18. Ne2 h6 19. Qd2 Na5 20. Ned4 e5 21. Nb3 Nxb3 22. Bxb3 Bg4 23. Qe3 Nc6 24. Qxb6 Rxb6 25. Nd2 Nd4 26. Ba4 Be6 27. c3 bxc3 28. bxc3 Rb2 29. cxd4 Rxd2 30. d5 Bg4 31. f3 Rb8 32. Reb1 Ra2 33. Rxa2 Rxb1+ 34. Kf2 Bc8 35. Rc2 Rb8 36. Rc7 Kf8 37. Ke3 h5 38. Kd2 g5 39. d4 exd4 40. Kd3 h4 41. g3 Bh3 42. Kxd4 Rb4+ 43. Rc4 Rxc4+ 44. Kxc4 Bg2 45. Bd1 Bf1+ 46. Kd4 f6 47. f4 hxg3 48. hxg3 gxf4 49. gxf4 Ke7 1/2-1/2

[Event "Mondariz Balneario IM"]
[Site "Mondariz"]
[Date "2016.12.18"]
[Round "2"]
[White "Galego, Luis"]
[Black "Ribeiro, Fernando"]
[Result "1-0"]
[WhiteElo "2484"]
[BlackElo "2243"]
[PlyCount "111"]
[EventDate "2016.12.17"]
[EventType "tourn"]
[EventRounds "9"]
[EventCountry "ESP"]
[EventCategory "3"]
[SourceTitle "CBM 176 Extra"]
[Source "ChessBase"]
[SourceDate "2017.03.02"]
[SourceVersion "1"]
[SourceVersionDate "2017.03.02"]
[SourceQuality "1"]

1. d4 Nf6 2. Nf3 g6 3. g3 Bg7 4. Bg2 0-0 5. 0-0 c6 6. c4 d6 7. Nc3 Qa5 8. h3 Be6 9. Nd2 Qa6 10. b3 d5 11. Na4 Nbd7 12. c5 b6 13. Bb2 bxc5 14. dxc5 Rad8 15. Rc1 Ne8 16. Bxg7 Nxg7 17. Nf3 f6 18. Re1 Bf7 19. Bf1 Qa5 20. a3 e5 21. b4 Qc7 22. e3 Ne6 23. Nc3 h5 24. e4 d4 25. Nb1 a5 26. Nbd2 axb4 27. axb4 Ra8 28. Nc4 Rfb8 29. Rb1 Nd8 30. Nd6 Ba2 31. Ra1 Be6 32. Rxa8 Rxa8 33. Qc1 Nf7 34. Bc4 Nf8 35. Bxe6 Nxe6 36. Qc4 Qd7 37. Nxf7 Kxf7 38. Rb1 Ra4 39. h4 Qa7 40. Kg2 Ke7 41. Qc1 Kf7 42. Nd2 Qb7 43. Qb2 Qb5 44. Qb3 Ra8 45. Nc4 Qa4 46. Qd3 Qa2 47. Rb2 Qa1 48. Nd6+ Ke7 49. Qd2 Rg8 50. Nc4 Ra8 51. Qh6 Rg8 52. b5 Qd1 53. bxc6 Nf4+ 54. Kh2 Ra8 55. Qg7+ Ke6 56. Qd7# 1-0

[Event "Figueira da Foz op 10th"]
[Site "Figueira da Foz"]
[Date "2016.11.03"]
[Round "6"]
[White "Ribeiro, Fernando"]
[Black "Padeiro, Jose Joao Tato"]
[Result "1/2-1/2"]
[WhiteElo "2264"]
[BlackElo "2292"]
[PlyCount "84"]
[EventDate "2016.10.30"]
[EventType "swiss"]
[EventRounds "9"]
[EventCountry "POR"]
[SourceTitle "CBM 175 Extra"]
[Source "ChessBase"]
[SourceDate "2016.12.12"]
[SourceVersion "1"]
[SourceVersionDate "2016.12.12"]
[SourceQuality "1"]

1. e4 c6 2. d4 d5 3. e5 Bf5 4. Nf3 e6 5. Be2 Nd7 6. 0-0 Bg6 7. Nbd2 Nh6 8. a4 Nf5 9. a5 f6 10. exf6 Qxf6 11. c3 Bd6 12. b4 0-0 13. Nb3 b6 14. Bg5 Qf7 15. b5 c5 16. c4 cxd4 17. cxd5 e5 18. axb6 Nxb6 19. Na5 Qxd5 20. Nc6 Be8 21. Nfxe5 Bxe5 22. Bf3 Bxc6 23. Bxd5+ Bxd5 24. Re1 Bf6 25. Bxf6 Rxf6 26. Re5 Bf7 27. Rc1 Rd8 28. Qd3 Bg6 29. Rc7 Nh6 30. Qb3+ Nf7 31. Rce7 h6 32. Re8+ Rxe8 33. Rxe8+ Kh7 34. h4 h5 35. Kf1 d3 36. f3 Rd6 37. Ke1 d2+ 38. Kd1 Rd3 39. Qa2 Nd5 40. Qxd2 Nc3+ 41. Ke1 Rxd2 42. Kxd2 Nxb5 1/2-1/2

[Event "Figueira da Foz op 10th"]
[Site "Figueira da Foz"]
[Date "2016.11.01"]
[Round "4"]
[White "Ribeiro, Fernando"]
[Black "Mista, Aleksander"]
[Result "0-1"]
[WhiteElo "2264"]
[BlackElo "2588"]
[PlyCount "76"]
[EventDate "2016.10.30"]
[EventType "swiss"]
[EventRounds "9"]
[EventCountry "POR"]
[SourceTitle "CBM 175 Extra"]
[Source "ChessBase"]
[SourceDate "2016.12.12"]
[SourceVersion "1"]
[SourceVersionDate "2016.12.12"]
[SourceQuality "1"]

1. e4 c5 2. Nf3 e6 3. c4 Nc6 4. Nc3 Nd4 5. d3 Ne7 6. g3 Nec6 7. Bg2 g6 8. 0-0 Bg7 9. Be3 0-0 10. Qd2 Rb8 11. Bh6 Bxh6 12. Qxh6 Qf6 13. Nxd4 cxd4 14. Nb5 a6 15. Nd6 e5 16. Nf5 Qh8 17. Nd6 Qg7 18. Qh4 f6 19. f4 Qe7 20. fxe5 Nxe5 21. Nxc8 Rbxc8 22. Rad1 b5 23. b3 Kg7 24. Qf4 b4 25. Rf2 a5 26. h4 h5 27. Bh3 Rh8 28. Qd2 Rc6 29. a4 bxa3 30. Qxa5 Rb8 31. Qa7 Qd6 32. c5 Ra6 33. cxd6 Rxa7 34. Rb1 Rab7 35. Ra2 Rxb3 36. Rba1 Rb1+ 37. Bf1 Rxa1 38. Rxa1 Rb2 0-1

[Event "POR-chT 52nd"]
[Site "Vila Nova de Gaia"]
[Date "2010.07.27"]
[Round "4.3"]
[White "Ribeiro, Fernando"]
[Black "Finkler, Kai Andreas"]
[Result "1-0"]
[WhiteElo "2273"]
[BlackElo "2017"]
[PlyCount "99"]
[EventDate "2010.07.24"]
[EventType "team-tourn"]
[EventRounds "9"]
[EventCountry "POR"]
[SourceTitle "EXT 2011"]
[Source "ChessBase"]
[SourceDate "2010.11.26"]
[SourceVersion "1"]
[SourceVersionDate "2010.11.26"]
[SourceQuality "1"]
[WhiteTeam "Vale de Cambra"]
[BlackTeam "Albufeira"]
[WhiteTeamCountry "POR"]
[BlackTeamCountry "POR"]

1. e4 Nf6 2. Nc3 d5 3. e5 d4 4. Nce2 d3 5. exf6 dxe2 6. Qxe2 gxf6 7. g3 Qd5 8. Qb5+ Qxb5 9. Bxb5+ c6 10. Be2 Bf5 11. d3 Nd7 12. Be3 e5 13. 0-0-0 Nb6 14. Nf3 Nd5 15. Nh4 Nxe3 16. fxe3 Be6 17. e4 a5 18. Kb1 Be7 19. Rhf1 0-0-0 20. Nf5 Bxf5 21. Rxf5 Rhg8 22. Bh5 Rg7 23. c3 c5 24. Kc2 b6 25. Kb3 Rd7 26. a4 Bd8 27. Kc4 Kc7 28. Rdf1 Rd6 29. R1f3 Be7 30. h4 Rd8 31. g4 h6 32. Kb5 Rd6 33. Re3 Bd8 34. Rf1 Rd7 35. Rd1 Be7 36. Rf3 Bd8 37. Rf2 Rd6 38. Re2 Kd7 39. Red2 f5 40. d4 cxd4 41. cxd4 fxg4 42. dxe5 Rxd2 43. Rxd2+ Ke8 44. e6 Bxh4 45. exf7+ Ke7 46. Rd7+ Kxd7 47. f8Q Rg5+ 48. Kxb6 g3 49. Bg4+ Rxg4 50. Qf5+ 1-0